Cliquez sur le bon pays en Amérique du Sud - Statistiques

Statistiques générales
  • Ce quiz a été pris 171 fois
  • Le résultat moyen est 9 sur 12
Réponses sur la Carte
Les réponses sont colorées sur une échelle allant du rouge au vert en fonction du pourcentage des utilisateurs qui les ont devinées à leur premier essai. Vous pouvez retrouver ces pourcentages ci-dessous.
 
Statistiques - réponses
Réponse % Correct
Brésil
91%
Chili
89%
Argentine
85%
Colombie
82%
Équateur
76%
Pérou
75%
Paraguay
73%
Suriname
73%
Uruguay
73%
Venezuela
73%
Bolivie
69%
Guyana
66%
Aucun quiz correspondant
Distribution des résultats
% des personnes avec chaque résultat
Percentile par nombre de réponses
Votre historique - résultats
Vous n’avez pas pris ce quiz